Kings in Shakespeare - Statistics

General Stats
  • This quiz has been taken 94 times
  • The average score is 9 of 14
Answer Stats
Hint King % Correct
Prince Hal, now reformed, who rallies his men at Agincourt Henry V
92%
Young, weak king whose throne is constantly under threat Henry VI
92%
Divorcer of wives and founder of the Church of England Henry VIII
92%
Hunchbacked usurper who claws his way to the throne through murder Richard III
88%
Divides his kingdom among daughters and descends into madness Lear
87%
Poetic and arrogant king who loses his crown to Bolingbroke Richard II
87%
Former rebel who becomes king and worries about his wild son Hal Henry IV
85%
Scottish nobleman who murders the king and takes the crown Macbeth
83%
King who orders the execution of young Arthur to secure his rule John
65%
Hamlet's uncle Claudius
49%
British king whose name titles one of Shakespeare’s late romances Cymbeline
24%
Adversary of Henry VI; King of France during the Hundred Years’ War Charles VI
21%
A Winter's Tale: King of Sicilia who jealously imprisons his wife (Hint: L) Leontes
18%
The Tempest: The shipwrecked King of Naples (Hint: A) Alonso
9%
No matching quizzes found
Score Distribution
Percent of People with Each Score
Percentile by Number Answered
Your Score History
You have not taken this quiz